00374nam a22001337a 450000500170000000800410001704100120005808200120007010000120008224500380009426000500013230000320018265000260021420240816124743.0240816b |||||||| |||| 00| 0 eng d aEnglish a349 LAW lEnglish aThe Law Reports: Probate Division aLondon: bWilliam Clowes and Sons Ltd,c1912  bxviii, 314 pages; c25 cm.  aLegal practice bLaw